00595 2200205 4500001002100000005001500021035002000036007000300056008004100059020002200100082001600122084002200138100001700160245003100177250002000208260006500228300003300293650003700326650002600363INLIS00000000000097720250713110523 a0010-0725000977ta250713 a 0 ind  a978-623-307-915-0 a398.209 598 a398.209 598 D'M t0 aD'mello sean1 aTarian air /cSean d'mello aCetakan pertama aRawamangun :bBadan pengembangan dan pembinaan bahasa,c2022 a20 hlm. :bIlus. ;c22,9 cm. 4aCerita anak indonesia-terjemahan 4aLiterasi-bahan bacaan